00391nam a2200145Ia 4500020001800000082001600018245003700034260003600071300000900107650001900116650003100135650003500166650002900201700001500230 a9788172236779 a954.04 IND- 0aIndia 60: towards a new paradigm aNew DelhibHarper Collinsc2007 a355p aIndiavHistory aIndiavEconomic conditions aIndiavPolitics and government aIndiavSocial conditions aPande, Ira